000 00924nmm a2200289 a 4500
003 AR-BaBNM
005 20251128205851.0
008 048119s1997 ||||||||||||||000 | spa||
020 _a950-500-357-9
040 _cAR-BaBNM
100 1 _aFogliatto, Herminda M.
245 1 0 _aSistema de orientación vocacional informatizado
_bSOVI : manual de referencia
250 _a1ª ed.
260 _aBuenos Aires
_bGuadalupe
_c1997
300 0 _a69 p.
_e1 disquete
500 0 _aSolicitar el material complementario en Mediateca no. 785133
504 _aIncluye conclusiones y bibliografía al final del volumen
650 4 _aORIENTACION PEDAGOGICA
650 4 _aORIENTACION PROFESIONAL
650 4 _aPSICOLOGIA DE LA EDUCACION
650 4 _aTRANSICION A LA VIDA ACTIVA
650 4 _aELECCION DE UNA OCUPACION
650 4 _aEDUCACION Y EMPLEO
650 4 _aPROGRAMAS INFORMATICOS
942 _cBK
998 _claura
999 _c13077
_d13077